| 000 | 01472nam a22002657a 4500 | ||
|---|---|---|---|
| 008 | 251119b |||||||| |||| 00| 0 eng d | ||
| 020 | _a9781529399325 | ||
| 040 | _ctbs | ||
| 041 | _aeng | ||
| 050 | _aPZ7.1.G368 2023 | ||
| 100 |
_aGarber, Stephanie _926546 _eauthor |
||
| 245 |
_aA curse for true love _c/ Stephanie Garber. |
||
| 260 |
_aDublin : _bHodder & Stoughton, _c2024. |
||
| 300 |
_a385 pages : _bmap ; _c20 cm. |
||
| 490 |
_aOnce upon a broken heart ; _vbk.3 |
||
| 520 | _aTwo villains, one girl, and a deadly battle for happily ever after. Evangeline Fox ventured to the Magnificent North in search of her happy ending, and it seems as if she has it. She''s married to a handsome prince and lives in a legendary castle. But Evangeline has no idea of the devastating price she''s paid for this fairytale. She doesn''t know what she has lost, and her husband is determined to make sure she never finds out . . . but first he must kill Jacks, the Prince of Hearts. Blood will be shed, hearts will be stolen, and true love will be put to the test in A Curse for True Love, the breathlessly anticipated conclusion to the Once Upon A Broken Heart trilogy. | ||
| 650 | 0 |
_aBlessing and cursing _vFiction _926547 |
|
| 650 | 0 |
_aLove _vFiction _924358 |
|
| 650 | 0 |
_aVillains _vFiction _926548 |
|
| 650 | 0 |
_aPrinces _vFiction _926530 |
|
| 655 | 0 |
_aFantasy fiction _922510 |
|
| 655 | 0 |
_aRomance fiction _922778 |
|
| 655 | 0 |
_aParanormal fiction _922925 |
|
| 942 | _2lcc | ||
| 999 |
_c5189 _d5189 |
||